Directors of Leonardo DiCaprio Movies - Statistics

General Stats
  • This quiz has been taken 117 times
  • The average score is 18 of 30
Answer Stats
Year Movie Director % Correct
2023 Killers of the Flower Moon Martin Scorsese
100%
2013 The Wolf of Wall Street Martin Scorsese
100%
2010 Shutter Island Martin Scorsese
100%
2006 The Departed Martin Scorsese
100%
2004 The Aviator Martin Scorsese
100%
2002 Gangs of New York Martin Scorsese
100%
2019 Once Upon a Time in Hollywood Quentin Tarantino
100%
2012 Django Unchained Quentin Tarantino
100%
2010 Inception Christopher Nolan
99%
1997 Titanic James Cameron
94%
2002 Catch Me If You Can Steven Spielberg
88%
2015 The Revenant Alejandro González Iñárritu
81%
2013 The Great Gatsby Baz Luhrmann
68%
1996 Romeo + Juliet Baz Luhrmann
68%
2021 Don't Look Up Adam McKay
59%
2011 J. Edgar Clint Eastwood
58%
2000 The Beach Danny Boyle
57%
2008 Revolutionary Road Sam Mendes
55%
2008 Body of Lies Ridley Scott
49%
2006 Blood Diamond Edward Zwick
41%
1995 The Quick and the Dead Sam Raimi
40%
1998 Celebrity Woody Allen
32%
1993 What's Eating Gilbert Grape Lasse Hallström
24%
1993 This Boy's Life Michael Caton-Jones
14%
1998 The Man in the Iron Mask Randall Wallace
10%
1995 Total Eclipse Agnieszka Holland
8%
1996 Marvin's Room Jerry Zaks
5%
1992 Poison Ivy Katt Shea
5%
1991 Critters 3 Kristine Peterson
5%
1995 The Basketball Diaries Scott Kalvert
5%
No matching quizzes found
Score Distribution
Percent of People with Each Score
Percentile by Number Answered
Your Score History
You have not taken this quiz